Meroe : six studies on the cultural identity of an ancien African state /

محفوظ في:

المؤلف الرئيسي: Torok, Laszlo, 1941-2020.

التنسيق: كتاب

اللغة: English

منشور في: Budapest : [publisher not identified], 1995.

سلاسل: Studia Aegyptiaca ; 16.
StudAeg ; 16.

الموضوعات:

الوسوم: إضافة وسم

لا توجد وسوم, كن أول من يضع وسما على هذه التسجيلة!

رقم الطلب: DT57 .S77 v.16

LEADER 00935cam a2200301 a 4500
001 ocm35148725
003 OSt
005 20260422094916.0
008 960726s1995 hu ab b 000 0 eng c
020 |a 9634630154 
020 |a 9789634630159 
040 |c ARCE Library 
043 |a f-sg--- 
050 4 |a DT57 .S77 v.16 
100 1 |a Torok, Laszlo,  |d 1941-2020. 
245 1 0 |a Meroe :  |b six studies on the cultural identity of an ancien African state /  |c Laszlo Torok. 
264 1 |a Budapest :  |b [publisher not identified],  |c 1995. 
300 |a 242 pages :  |b illustrations, maps ;  |c 24 cm. 
490 1 |a Studia Aegyptiaca ;  |v 16. 
490 1 |a StudAeg ;   |v 16. 
504 |a Includes bibliographical references. 
651 0 |a Meroe (Extinct city)  |x Civilization. 
651 0 |a Sudan   |z Meroe (Extinct city) 
830 0 |a Studia Aegyptiaca ;  |v 16. 
830 0 |a StudAeg ;   |v 16. 
901 |a reviewed 
942 |2 lcc  |c BK 
999 |c 55452  |d 55452